[Event "TNMH"]
[Site "Universidade de Aveiro"]
[Date "2023.12.20"]
[Round "5.1"]
[White "Ferreira, Luis"]
[Black "Ribeiro, Gustavo"]
[Result "0-1"]
[BlackElo "2187"]
[WhiteElo "2193"]
[LiveChessVersion "1.4.8"]

1. e4 {[%clk 1:30:56]} c5 {[%clk 1:30:57]} 2. Nc3 {[%clk 1:31:08]} Nc6
{[%clk 1:31:15]} 3. g3 {[%clk 1:31:16]} g6 {[%clk 1:31:34]} 4. Bg2
{[%clk 1:31:31]} Bg7 {[%clk 1:31:58]} 5. d3 {[%clk 1:31:41]} d6 {[%clk 1:32:23]}
6. Be3 {[%clk 1:31:54]} Rb8 {[%clk 1:32:49]} 7. Qd2 {[%clk 1:30:06]} b5
{[%clk 1:33:12]} 8. h3 {[%clk 1:28:37]} h5 {[%clk 1:33:02]} 9. f4
{[%clk 1:27:38]} b4 {[%clk 1:29:26]} 10. Nd1 {[%clk 1:27:43]} Nd4
{[%clk 1:29:34]} 11. c3 {[%clk 1:26:59]} bxc3 {[%clk 1:29:32]} 12. bxc3
{[%clk 1:27:02]} Nb5 {[%clk 1:29:44]} 13. Ne2 {[%clk 1:26:09]} Nf6
{[%clk 1:15:58]} 14. O-O {[%clk 1:17:42]} Bb7 {[%clk 1:13:05]} 15. f5
{[%clk 1:07:48]} gxf5 {[%clk 1:10:09]} 16. Rxf5 {[%clk 1:04:29]} Qd7
{[%clk 1:09:41]} 17. c4 {[%clk 0:56:02]} Nd5 {[%clk 1:03:57]} 18. Rxd5
{[%clk 0:32:06]} Bxa1 {[%clk 1:03:54]} 19. cxb5 {[%clk 0:32:16]} Bxd5
{[%clk 1:04:18]} 20. exd5 {[%clk 0:32:43]} Qxb5 {[%clk 1:04:22]} 21. Ndc3
{[%clk 0:31:54]} Bxc3 {[%clk 1:03:58]} 22. Nxc3 {[%clk 0:31:07]} Qb2
{[%clk 1:04:18]} 23. Qe1 {[%clk 0:29:45]} Rg8 {[%clk 0:57:20]} 24. Bf4
{[%clk 0:23:23]} Kd8 {[%clk 0:56:31]} 25. Kh2 {[%clk 0:23:04]} Rb4
{[%clk 0:53:49]} 26. Nd1 {[%clk 0:21:26]} Qc2 {[%clk 0:52:03]} 27. Ne3
{[%clk 0:17:21]} Qxd3 {[%clk 0:50:24]} 28. h4 {[%clk 0:17:40]} Ra4
{[%clk 0:40:02]} 29. Qf2 {[%clk 0:16:59]} Ra3 {[%clk 0:39:06]} 30. Qb2
{[%clk 0:16:41]} Kc7 {[%clk 0:39:29]} 31. Bf1 {[%clk 0:11:06]} Rb8
{[%clk 0:39:45]} 32. Qxb8+ {[%clk 0:11:05]} Kxb8 {[%clk 0:40:12]} 33. Bxd3
{[%clk 0:11:30]} Rxd3 {[%clk 0:40:39]} 34. g4 {[%clk 0:11:55]} hxg4
{[%clk 0:31:51]} 35. h5 {[%clk 0:12:05]} Kc7 {[%clk 0:32:06]} 36. h6
{[%clk 0:12:12]} Rd2+ {[%clk 0:32:30]} 37. Kg3 {[%clk 0:12:25]} Rb2
{[%clk 0:32:54]} 38. Kxg4 {[%clk 0:09:01]} Rb8 {[%clk 0:31:15]} 39. Kh5
{[%clk 0:05:01]} Rh8 {[%clk 0:31:35]} 40. Bg5 {[%clk 0:04:17]} Kd7
{[%clk 0:32:00]} 41. Nf5 {[%clk 0:04:38]} e6 {[%clk 0:30:49]} 42. Ne3
{[%clk 0:01:04]} exd5 {[%clk 0:30:57]} 43. Nxd5 {[%clk 0:01:28]} Ke6
{[%clk 0:31:21]} 44. Nf6 {[%clk 0:01:39]} d5 {[%clk 0:30:44]} 45. h7
{[%clk 0:01:50]} d4 {[%clk 0:30:50]} 46. Kh6 {[%clk 0:02:03]} c4 {[%clk 0:31:08]}
47. Ne4 {[%clk 0:01:07]} f5 {[%clk 0:30:42]} 48. Ng3 {[%clk 0:00:48]} Ke5
{[%clk 0:29:26]} 49. Kg6 {[%clk 0:00:34]} Rxh7 {[%clk 0:29:31]} 50. Bf6+
{[%clk 0:00:38]} Ke6 {[%clk 0:29:43]} 51. Nxf5 {[%clk 0:00:39]} Rh2
{[%clk 0:29:49]} 52. Nxd4+ {[%clk 0:00:41]} Kd5 {[%clk 0:29:10]} 53. Nb5
{[%clk 0:01:05]} Kc5 {[%clk 0:28:55]} 54. Nxa7 {[%clk 0:00:32]} Rxa2
{[%clk 0:29:10]} 55. Nc8 {[%clk 0:00:58]} Rg2+ {[%clk 0:29:32]} 56. Kh5
{[%clk 0:01:11]} Rf2 {[%clk 0:29:49]} 57. Be7+ {[%clk 0:01:23]} Kc6
{[%clk 0:30:10]} 58. Bh4 {[%clk 0:01:20]} Rh2 {[%clk 0:29:27]} 59. Ne7+
{[%clk 0:01:45]} Kc5 {[%clk 0:29:52]} 60. Nf5 {[%clk 0:00:45]} c3
{[%clk 0:30:16]} 61. Kg4 {[%clk 0:00:32]} Rxh4+ {[%clk 0:30:28]} 62. Nxh4
{[%clk 0:00:49]} c2 {[%clk 0:30:54]} 63. Nf3 {[%clk 0:01:12]} c1=Q
{[%clk 0:31:19]} 64. Ng5 {[%clk 0:01:35]} Kd5 {[%clk 0:31:42]} 65. Kf5
{[%clk 0:02:01]} Qf1+ {[%clk 0:32:07]} 66. Kg4 {[%clk 0:02:24]} Qf6
{[%clk 0:32:19]} 67. Nf3 {[%clk 0:02:35]} Ke4 {[%clk 0:31:57]} 68. Ng5+
{[%clk 0:03:00]} Ke3 {[%clk 0:32:23]} 69. Nh3 {[%clk 0:03:13]} Qf3+
{[%clk 0:32:29]} 70. Kh4 {[%clk 0:03:36]} Qg2 {[%clk 0:32:54]} 71. Ng5
{[%clk 0:03:58]} Kf4 {[%clk 0:33:19]} 72. Ne6+ {[%clk 0:04:12]} Ke5
{[%clk 0:33:44]} 73. Ng5 {[%clk 0:04:27]} Kf5 {[%clk 0:34:11]} 0-1

[Event "TNMH"]
[Site "Universidade de Aveiro"]
[Date "2023.12.20"]
[Round "5.2"]
[White "Ribeiro, Fernando"]
[Black "Farias, David"]
[Result "0-1"]
[BlackElo "2133"]
[WhiteElo "2186"]
[LiveChessVersion "1.4.8"]

1. e4 {[%clk 1:29:54]} c5 {[%clk 1:30:00]} 2. Nf3 {[%clk 1:29:31]} e6
{[%clk 1:29:48]} 3. g3 {[%clk 1:28:33]} Nc6 {[%clk 1:29:16]} 4. Bg2
{[%clk 1:28:49]} Nf6 {[%clk 1:25:01]} 5. Qe2 {[%clk 1:28:50]} e5 {[%clk 1:23:40]}
6. O-O {[%clk 1:29:04]} Be7 {[%clk 1:21:44]} 7. b3 {[%clk 1:28:28]} O-O
{[%clk 1:21:14]} 8. Bb2 {[%clk 1:28:54]} d6 {[%clk 1:20:53]} 9. c3
{[%clk 1:29:05]} Re8 {[%clk 1:18:59]} 10. d4 {[%clk 1:22:06]} exd4
{[%clk 1:13:10]} 11. cxd4 {[%clk 1:22:33]} Bf8 {[%clk 1:13:04]} 12. Nbd2
{[%clk 1:19:34]} d5 {[%clk 1:09:41]} 13. dxc5 {[%clk 1:19:16]} Nxe4
{[%clk 1:05:57]} 14. Nxe4 {[%clk 1:15:23]} dxe4 {[%clk 0:53:11]} 15. Rfd1
{[%clk 1:15:21]} exf3 {[%clk 0:50:55]} 16. Qxf3 {[%clk 1:15:40]} Qg5
{[%clk 0:49:37]} 17. Rd5 {[%clk 1:14:59]} Qg4 {[%clk 0:46:44]} 18. Qc3
{[%clk 1:15:27]} Be6 {[%clk 0:44:24]} 19. Rd2 {[%clk 1:12:42]} Rad8
{[%clk 0:43:14]} 20. Bf3 {[%clk 1:08:34]} Qg5 {[%clk 0:42:02]} 21. Rxd8
{[%clk 1:08:40]} Rxd8 {[%clk 0:42:09]} 22. b4 {[%clk 1:08:40]} Nd4
{[%clk 0:38:43]} 23. Bd1 {[%clk 1:07:20]} Qf5 {[%clk 0:34:43]} 24. a4
{[%clk 1:05:36]} a5 {[%clk 0:24:17]} 25. Rc1 {[%clk 1:05:38]} Bb3
{[%clk 0:21:17]} 26. Qe3 {[%clk 1:02:13]} Bxd1 {[%clk 0:20:28]} 27. Bxd4
{[%clk 1:02:41]} Bf3 {[%clk 0:20:19]} 28. Rc3 {[%clk 0:59:34]} Rxd4
{[%clk 0:18:12]} 0-1

[Event "TNMH"]
[Site "Universidade de Aveiro"]
[Date "2023.12.20"]
[Round "5.3"]
[White "Fidalgo, Andre"]
[Black "Reis, Luis"]
[Result "1-0"]
[BlackElo "2157"]
[WhiteElo "2245"]
[LiveChessVersion "1.4.8"]

1. e4 {[%clk 1:30:52]} Nc6 {[%clk 1:30:34]} 2. Nf3 {[%clk 1:31:12]} f5
{[%clk 1:30:37]} 3. exf5 {[%clk 1:29:38]} d5 {[%clk 1:30:19]} 4. d4
{[%clk 1:29:25]} Bxf5 {[%clk 1:30:05]} 5. Bb5 {[%clk 1:26:15]} Nf6
{[%clk 1:28:48]} 6. Ne5 {[%clk 1:25:21]} Qd6 {[%clk 1:28:18]} 7. O-O
{[%clk 1:24:02]} Nd7 {[%clk 1:28:17]} 8. Bf4 {[%clk 1:08:01]} Ndxe5
{[%clk 1:25:23]} 9. Bxe5 {[%clk 1:08:14]} Qg6 {[%clk 1:25:42]} 10. c4
{[%clk 0:56:02]} O-O-O {[%clk 0:28:10]} 11. Bxc6 {[%clk 0:55:49]} Qxc6
{[%clk 0:28:11]} 12. c5 {[%clk 0:55:23]} e6 {[%clk 0:16:43]} 13. Nc3
{[%clk 0:54:16]} Be7 {[%clk 0:16:54]} 14. b4 {[%clk 0:53:43]} Bf6
{[%clk 0:17:03]} 15. Bg3 {[%clk 0:52:56]} h5 {[%clk 0:16:31]} 16. b5
{[%clk 0:48:47]} Qe8 {[%clk 0:16:37]} 17. Qa4 {[%clk 0:37:19]} h4
{[%clk 0:15:16]} 18. Bxc7 {[%clk 0:33:37]} Kxc7 {[%clk 0:15:07]} 19. b6+
{[%clk 0:30:47]} Kc8 {[%clk 0:13:57]} 20. Nb5 {[%clk 0:30:57]} a6
{[%clk 0:12:58]} 21. c6 {[%clk 0:31:17]} Bd3 {[%clk 0:10:31]} 22. Na7+
{[%clk 0:24:51]} Kb8 {[%clk 0:10:59]} 23. Rfd1 {[%clk 0:14:09]} Bc4
{[%clk 0:09:46]} 24. c7+ {[%clk 0:13:36]} Ka8 {[%clk 0:10:14]} 25. cxd8=Q+
{[%clk 0:11:25]} Qxd8 {[%clk 0:10:42]} 26. Rab1 {[%clk 0:11:36]} Qe8
{[%clk 0:05:13]} 27. Qa5 {[%clk 0:10:10]} h3 {[%clk 0:05:04]} 28. Qc3
{[%clk 0:08:45]} hxg2 {[%clk 0:04:20]} 29. Qg3 {[%clk 0:08:18]} e5
{[%clk 0:03:36]} 30. dxe5 {[%clk 0:06:30]} Bxe5 {[%clk 0:03:59]} 31. Qg4
{[%clk 0:03:53]} Rxh2 {[%clk 0:01:33]} 32. f4 {[%clk 0:03:21]} Bd4+
{[%clk 0:00:56]} 33. Kxh2 {[%clk 0:03:20]} 1-0

[Event "TNMH"]
[Site "Universidade de Aveiro"]
[Date "2023.12.20"]
[Round "5.4"]
[White "Martins, Bruno"]
[Black "Dias, Ricardo"]
[Result "1-0"]
[BlackElo "2189"]
[WhiteElo "2334"]
[LiveChessVersion "1.4.8"]

1. e4 {[%clk 1:30:54]} e5 {[%clk 1:30:28]} 2. Nf3 {[%clk 1:31:07]} Nc6
{[%clk 1:30:54]} 3. d4 {[%clk 1:30:30]} exd4 {[%clk 1:31:16]} 4. Nxd4
{[%clk 1:30:55]} Nf6 {[%clk 1:31:29]} 5. Nxc6 {[%clk 1:31:15]} bxc6
{[%clk 1:31:51]} 6. e5 {[%clk 1:31:40]} Qe7 {[%clk 1:32:10]} 7. Qe2
{[%clk 1:32:04]} Nd5 {[%clk 1:32:34]} 8. h4 {[%clk 1:32:28]} Qe6 {[%clk 1:32:39]}
9. Nd2 {[%clk 1:27:55]} a5 {[%clk 1:32:50]} 10. g3 {[%clk 1:23:42]} Nb4
{[%clk 1:32:47]} 11. Nf3 {[%clk 1:23:45]} Ba6 {[%clk 1:33:08]} 12. c4
{[%clk 1:23:43]} d5 {[%clk 1:33:06]} 13. Nd4 {[%clk 1:20:58]} Qe7
{[%clk 1:32:40]} 14. a3 {[%clk 0:56:25]} Bxc4 {[%clk 1:32:40]} 15. Qe3
{[%clk 0:56:24]} c5 {[%clk 1:32:56]} 16. Bxc4 {[%clk 0:56:20]} cxd4
{[%clk 1:33:09]} 17. Qf3 {[%clk 0:56:32]} c6 {[%clk 1:19:23]} 18. Bb3
{[%clk 0:44:44]} Na6 {[%clk 1:17:16]} 19. Bg5 {[%clk 0:42:38]} Qb7
{[%clk 1:07:20]} 20. O-O {[%clk 0:35:33]} Nc5 {[%clk 0:49:05]} 21. Bc2
{[%clk 0:34:09]} Be7 {[%clk 0:48:21]} 22. Bxe7 {[%clk 0:19:48]} Qxe7
{[%clk 0:33:41]} 23. Qg4 {[%clk 0:13:21]} d3 {[%clk 0:26:07]} 24. Qxg7
{[%clk 0:12:47]} Kd7 {[%clk 0:26:18]} 25. Qg4+ {[%clk 0:12:33]} Kc7
{[%clk 0:25:50]} 26. b4 {[%clk 0:04:44]} axb4 {[%clk 0:08:35]} 27. axb4
{[%clk 0:05:11]} Rxa1 {[%clk 0:08:21]} 28. Rxa1 {[%clk 0:05:39]} Qxe5
{[%clk 0:04:00]} 29. Rc1 {[%clk 0:04:50]} d2 {[%clk 0:02:51]} 30. Rd1
{[%clk 0:04:09]} Na6 {[%clk 0:03:13]} 31. b5 {[%clk 0:01:50]} cxb5
{[%clk 0:03:23]} 32. Kg2 {[%clk 0:02:01]} h5 {[%clk 0:03:17]} 33. Qf3
{[%clk 0:02:22]} Nb4 {[%clk 0:02:00]} 34. Bb1 {[%clk 0:00:56]} f6
{[%clk 0:00:34]} 35. Rxd2 {[%clk 0:01:15]} Re8 {[%clk 0:00:42]} 36. Bg6
{[%clk 0:01:15]} Re7 {[%clk 0:00:35]} 37. Qb3 {[%clk 0:01:16]} Qd6
{[%clk 0:00:37]} 38. Rb2 {[%clk 0:01:06]} Na6 {[%clk 0:00:33]} 39. Qxb5
{[%clk 0:01:23]} Kd8 {[%clk 0:00:32]} 40. Qa5+ {[%clk 0:01:33]} Rc7
{[%clk 0:00:31]} 41. Rb6 {[%clk 0:01:37]} 1-0

[Event "TNMH"]
[Site "Universidade de Aveiro"]
[Date "2023.12.20"]
[Round "5.5"]
[White "Goncalves, Samuel"]
[Black "Veiga, Jose"]
[Result "1-0"]
[BlackElo "2357"]
[WhiteElo "2165"]
[LiveChessVersion "1.4.8"]

1. e4 e5 2. Nf3 Nc6 3. Nc3 Nf6 4. d4 exd4 5. Nxd4 Bb4 6. Nxc6 bxc6 7. Bd3 d5 8.
exd5 O-O 9. O-O cxd5 10. h3 c6 11. Qf3 Bd6 12. Bf4 Rb8 13. b3 Be6 14. Ne2 Re8 15.
Rad1 Bxf4 16. Nxf4 Qa5 17. Qg3 Rb7 18. Rfe1 Rbe7 19. Nxe6 Rxe6 20. Rxe6 Rxe6 21.
Qb8+ Re8 22. Qd6 Qc3 23. Qc7 a5 24. Qf4 g6 25. Kf1 Kg7 26. Qd2 Qc5 27. Re1 Rxe1+
28. Qxe1 Qa3 29. Qe5 Qc1+ 30. Qe1 Qf4 31. Kg1 Qc7 32. Qc3 c5 33. a3 h5 34. g3 h4
35. g4 d4 36. Qe1 Nd5 37. Qe4 Nc3 38. Qf3 a4 39. Bc4 Qe7 40. Kg2 f6 41. bxa4 Nxa4
42. Qa8 Nb2 43. Qg8+ Kh6 44. Qh8+ Kg5 45. f4+ Kxf4 46. Qb8+ Qe5 47. Qxb2 Qe4+ 48.
Kf1 Qh1+ 49. Ke2 Qxh3 50. Qc1+ Ke5 51. Qg1 Qxa3 52. Qh2+ Ke4 53. Bd3+ Kd5 54.
Qh1+ Kd6 55. Qxh4 Qc1 56. Qxf6+ Kd7 57. Bb5+ Kc8 58. Qc6+ Kb8 59. Qb6+ Kc8 60.
Qxc5+ Kb8 61. Qd6+ Kb7 62. Bc6+ Kb6 63. Be4+ Kb5 64. Qd5+ Ka6 65. Qxd4 g5 66.
Qd3+ Kb6 67. Qe3+ 1-0

[Event "TNMH"]
[Site "Universidade de Aveiro"]
[Date "2023.12.20"]
[Round "5.6"]
[White "Matos, Joao"]
[Black "Ermida, Ricardo"]
[Result "1/2-1/2"]
[BlackElo "1700"]
[WhiteElo "1636"]
[LiveChessVersion "1.4.8"]

1. e4 {[%clk 1:30:42]} c5 {[%clk 1:30:46]} 2. Nf3 {[%clk 1:30:51]} d6
{[%clk 1:31:10]} 3. Bb5+ {[%clk 1:31:00]} Bd7 {[%clk 1:31:31]} 4. Bxd7+
{[%clk 1:31:21]} Nxd7 {[%clk 1:31:51]} 5. O-O {[%clk 1:30:37]} Ngf6
{[%clk 1:32:14]} 6. Re1 {[%clk 1:30:14]} e6 {[%clk 1:32:35]} 7. c3
{[%clk 1:28:19]} Be7 {[%clk 1:32:56]} 8. d4 {[%clk 1:26:07]} O-O {[%clk 1:33:19]}
9. Bg5 {[%clk 1:23:39]} Rc8 {[%clk 1:26:47]} 10. e5 {[%clk 1:16:54]} Ne8
{[%clk 1:26:43]} 11. Bxe7 {[%clk 1:15:00]} Qxe7 {[%clk 1:27:07]} 12. Nbd2
{[%clk 1:12:12]} cxd4 {[%clk 1:26:37]} 13. cxd4 {[%clk 1:11:34]} dxe5
{[%clk 1:26:26]} 14. dxe5 {[%clk 1:11:36]} Nc7 {[%clk 1:16:48]} 15. Qa4
{[%clk 1:09:02]} a6 {[%clk 1:11:41]} 16. Qg4 {[%clk 1:08:13]} Nd5
{[%clk 1:00:54]} 17. Ne4 {[%clk 0:53:07]} Rc7 {[%clk 0:53:09]} 18. Rad1
{[%clk 0:49:49]} Kh8 {[%clk 0:45:23]} 19. Neg5 {[%clk 0:47:35]} h6
{[%clk 0:42:39]} 20. Rd4 {[%clk 0:42:35]} Nxe5 {[%clk 0:33:55]} 21. Rxe5
{[%clk 0:32:24]} Rc1+ {[%clk 0:34:16]} 22. Re1 {[%clk 0:26:57]} Rxe1+
{[%clk 0:34:35]} 23. Nxe1 {[%clk 0:27:19]} Qxg5 {[%clk 0:34:51]} 24. Qxg5
{[%clk 0:26:38]} hxg5 {[%clk 0:34:55]} 25. Nf3 {[%clk 0:23:58]} Rc8
{[%clk 0:34:14]} 26. g3 {[%clk 0:23:40]} Rc1+ {[%clk 0:31:02]} 27. Kg2
{[%clk 0:24:00]} f6 {[%clk 0:31:23]} 28. a3 {[%clk 0:21:29]} Kg8 {[%clk 0:31:02]}
29. Rd2 {[%clk 0:20:26]} Kf7 {[%clk 0:27:17]} 30. h3 {[%clk 0:19:38]} Ke7
{[%clk 0:26:17]} 31. Nd4 {[%clk 0:19:31]} g6 {[%clk 0:23:28]} 32. Re2
{[%clk 0:15:42]} e5 {[%clk 0:20:48]} 33. Nb3 {[%clk 0:15:09]} Rc7
{[%clk 0:19:43]} 34. Rd2 {[%clk 0:14:45]} Ke6 {[%clk 0:19:56]} 35. Re2
{[%clk 0:14:00]} Kd6 {[%clk 0:16:57]} 1/2-1/2

[Event "TNMH"]
[Site "Universidade de Aveiro"]
[Date "2023.12.20"]
[Round "5.7"]
[White "Justino, Francisco"]
[Black "Ferreira, Vasco"]
[Result "0-1"]
[BlackElo "1561"]
[WhiteElo "1392"]
[LiveChessVersion "1.4.8"]

1. d4 {[%clk 1:19:35]} d5 {[%clk 1:30:35]} 2. c4 {[%clk 1:19:49]} e6
{[%clk 1:30:59]} 3. Nc3 {[%clk 1:19:55]} Nf6 {[%clk 1:31:19]} 4. cxd5
{[%clk 1:19:47]} exd5 {[%clk 1:31:23]} 5. Bg5 {[%clk 1:20:06]} c6
{[%clk 1:31:19]} 6. e3 {[%clk 1:20:23]} Be7 {[%clk 1:31:27]} 7. Bd3
{[%clk 1:20:10]} Nbd7 {[%clk 1:31:34]} 8. Nf3 {[%clk 1:16:49]} O-O
{[%clk 1:28:24]} 9. Qc2 {[%clk 1:16:09]} Re8 {[%clk 1:26:51]} 10. O-O
{[%clk 1:09:28]} h6 {[%clk 1:24:47]} 11. Bf4 {[%clk 1:07:29]} Nh5
{[%clk 1:23:49]} 12. Be5 {[%clk 1:06:41]} Nxe5 {[%clk 1:21:17]} 13. Nxe5
{[%clk 1:07:01]} Bd6 {[%clk 1:20:13]} 14. f4 {[%clk 1:01:59]} Nf6
{[%clk 1:11:49]} 15. Rf3 {[%clk 0:56:49]} Be6 {[%clk 0:58:57]} 16. h3
{[%clk 0:50:48]} Qc8 {[%clk 0:49:47]} 17. Rc1 {[%clk 0:34:50]} c5
{[%clk 0:28:13]} 18. Qf2 {[%clk 0:28:27]} c4 {[%clk 0:20:16]} 19. Bb1
{[%clk 0:25:05]} Bf5 {[%clk 0:19:59]} 20. Bxf5 {[%clk 0:25:05]} Qxf5
{[%clk 0:20:18]} 21. g4 {[%clk 0:23:06]} Qe6 {[%clk 0:20:08]} 22. Rf1
{[%clk 0:21:30]} Bb4 {[%clk 0:15:55]} 23. g5 {[%clk 0:17:41]} Ne4
{[%clk 0:15:59]} 24. Nxe4 {[%clk 0:17:28]} dxe4 {[%clk 0:16:20]} 25. Rg3
{[%clk 0:17:13]} hxg5 {[%clk 0:12:01]} 26. fxg5 {[%clk 0:16:17]} Bd6
{[%clk 0:10:50]} 27. Rg4 {[%clk 0:13:07]} Bxe5 {[%clk 0:09:06]} 28. dxe5
{[%clk 0:13:30]} g6 {[%clk 0:08:16]} 29. Qh4 {[%clk 0:04:54]} Qxe5
{[%clk 0:04:11]} 30. Rgf4 {[%clk 0:03:54]} Re7 {[%clk 0:03:17]} 31. Rf6
{[%clk 0:03:14]} Rd8 {[%clk 0:01:55]} 32. Qh6 {[%clk 0:01:29]} Qxb2
{[%clk 0:00:46]} 33. h4 {[%clk 0:01:05]} Qc3 {[%clk 0:00:41]} 34. h5
{[%clk 0:00:37]} Qxe3+ {[%clk 0:01:01]} 35. Kh1 {[%clk 0:00:36]} Qh3+
{[%clk 0:01:13]} 36. Kg1 {[%clk 0:01:00]} Qxh5 {[%clk 0:01:21]} 37. Qxh5
{[%clk 0:00:34]} gxh5 {[%clk 0:01:45]} 38. R1f5 {[%clk 0:00:34]} Rd1+
{[%clk 0:00:53]} 39. Kf2 {[%clk 0:00:56]} e3+ {[%clk 0:01:08]} 40. Ke2
{[%clk 0:01:19]} Rd2+ {[%clk 0:01:20]} 0-1

[Event "TNMH"]
[Site "Universidade de Aveiro"]
[Date "2023.12.20"]
[Round "5.8"]
[White "Meuter, Alain"]
[Black "Sousa, Pedro"]
[Result "1-0"]
[BlackElo "1170"]
[WhiteElo "1392"]
[LiveChessVersion "1.4.8"]

1. e4 {[%clk 1:30:43]} e5 {[%clk 1:30:52]} 2. d4 {[%clk 1:30:23]} exd4
{[%clk 1:31:15]} 3. c3 {[%clk 1:30:39]} dxc3 {[%clk 1:31:30]} 4. Bc4
{[%clk 1:30:55]} Nc6 {[%clk 1:31:09]} 5. Nf3 {[%clk 1:30:44]} d6 {[%clk 1:30:50]}
6. h3 {[%clk 1:25:26]} Be7 {[%clk 1:29:57]} 7. O-O {[%clk 1:20:29]} Ne5
{[%clk 1:22:58]} 8. Nxe5 {[%clk 1:19:22]} dxe5 {[%clk 1:23:51]} 9. Qb3
{[%clk 1:20:01]} Be6 {[%clk 1:22:22]} 10. Bxe6 {[%clk 1:18:38]} fxe6
{[%clk 1:22:46]} 11. Qxe6 {[%clk 1:17:00]} c2 {[%clk 1:14:29]} 12. Nc3
{[%clk 1:14:42]} Qd6 {[%clk 1:13:32]} 13. Qb3 {[%clk 1:12:29]} Qc6
{[%clk 0:57:19]} 14. Be3 {[%clk 1:08:39]} Nf6 {[%clk 0:50:39]} 15. Rac1
{[%clk 1:05:12]} Nxe4 {[%clk 0:44:18]} 16. Rxc2 {[%clk 1:05:12]} Nc5
{[%clk 0:44:04]} 17. Bxc5 {[%clk 1:00:46]} Bxc5 {[%clk 0:43:08]} 18. Na4
{[%clk 1:00:52]} b6 {[%clk 0:43:13]} 19. Rfc1 {[%clk 0:54:56]} Rf8
{[%clk 0:28:14]} 20. Nxc5 {[%clk 0:52:55]} bxc5 {[%clk 0:27:56]} 21. Rxc5
{[%clk 0:52:45]} Qf6 {[%clk 0:24:38]} 22. Qe3 {[%clk 0:51:19]} Rb8
{[%clk 0:23:12]} 23. b3 {[%clk 0:42:19]} Rf7 {[%clk 0:16:23]} 24. Rxc7
{[%clk 0:40:57]} a5 {[%clk 0:12:29]} 25. Rxf7 1-0

[Event "TNMH"]
[Site "Universidade de Aveiro"]
[Date "2023.12.20"]
[Round "5.9"]
[White "Marques, Pedro"]
[Black "Tribuzi, Carlos"]
[Result "1/2-1/2"]
[BlackElo "1526"]
[WhiteElo "1751"]
[LiveChessVersion "1.4.8"]

1. f4 {[%clk 1:10:04]} d5 {[%clk 1:30:41]} 2. Nf3 {[%clk 1:10:12]} Bg4
{[%clk 1:29:42]} 3. e3 {[%clk 1:06:15]} Nf6 {[%clk 1:29:06]} 4. b3
{[%clk 1:05:55]} e6 {[%clk 1:28:51]} 5. Bb2 {[%clk 1:06:05]} Be7 {[%clk 1:28:13]}
6. Be2 {[%clk 0:58:38]} Bxf3 {[%clk 1:21:54]} 7. Bxf3 {[%clk 0:57:32]} O-O
{[%clk 1:20:52]} 8. O-O {[%clk 0:55:58]} Nbd7 {[%clk 1:19:43]} 9. Qe2
{[%clk 0:44:48]} c6 {[%clk 1:17:07]} 10. d3 {[%clk 0:33:47]} Qc7 {[%clk 1:08:59]}
11. d4 {[%clk 0:28:17]} c5 {[%clk 1:00:10]} 12. c3 {[%clk 0:25:15]} Rac8
{[%clk 0:52:05]} 13. Rc1 {[%clk 0:24:08]} c4 {[%clk 0:49:15]} 14. Nd2
{[%clk 0:23:35]} b5 {[%clk 0:48:28]} 15. a4 {[%clk 0:20:17]} a6 {[%clk 0:46:50]}
16. g3 {[%clk 0:14:58]} Ra8 {[%clk 0:43:23]} 17. axb5 {[%clk 0:13:14]} axb5
{[%clk 0:43:32]} 18. bxc4 {[%clk 0:13:13]} Rxa1 {[%clk 0:43:07]} 19. Rxa1
{[%clk 0:12:30]} bxc4 {[%clk 0:43:07]} 20. Qd1 {[%clk 0:11:15]} Rb8
{[%clk 0:41:24]} 21. Qc1 {[%clk 0:10:56]} g6 {[%clk 0:40:16]} 22. Kg2
{[%clk 0:10:41]} h5 {[%clk 0:40:07]} 23. h3 {[%clk 0:09:46]} Kg7 {[%clk 0:40:02]}
24. g4 {[%clk 0:09:02]} hxg4 {[%clk 0:39:59]} 25. hxg4 {[%clk 0:09:27]} Bd6
{[%clk 0:38:36]} 26. Ba3 {[%clk 0:09:29]} Bxa3 {[%clk 0:36:49]} 27. Qxa3
{[%clk 0:09:29]} Rb6 {[%clk 0:32:17]} 28. g5 {[%clk 0:09:11]} Ng8
{[%clk 0:31:42]} 29. Ra2 {[%clk 0:08:16]} Nb8 {[%clk 0:27:23]} 30. Rb2
{[%clk 0:07:52]} Rxb2 {[%clk 0:26:48]} 31. Qxb2 {[%clk 0:08:19]} Ne7
{[%clk 0:25:47]} 32. Bg4 {[%clk 0:07:35]} Na6 {[%clk 0:22:43]} 33. Kg3
{[%clk 0:07:34]} Qb8 {[%clk 0:21:47]} 34. Qa3 {[%clk 0:07:45]} Qb7
{[%clk 0:21:42]} 35. Qa2 {[%clk 0:05:53]} Nb8 {[%clk 0:20:33]} 36. Qa3
{[%clk 0:05:28]} Nbc6 {[%clk 0:19:49]} 37. Qa2 {[%clk 0:04:45]} Qa7
{[%clk 0:19:19]} 38. Qxa7 {[%clk 0:04:49]} Nxa7 {[%clk 0:19:38]} 39. Bf3
{[%clk 0:04:18]} Nb5 {[%clk 0:19:01]} 40. Nb1 {[%clk 0:04:32]} Nf5+
{[%clk 0:18:18]} 41. Kf2 {[%clk 0:04:54]} Ne7 {[%clk 0:14:33]} 42. e4
{[%clk 0:04:58]} Kf8 {[%clk 0:13:43]} 43. Ke3 {[%clk 0:04:54]} Ke8
{[%clk 0:13:08]} 44. Bd1 {[%clk 0:05:04]} Kd8 {[%clk 0:12:36]} 45. Ba4
{[%clk 0:05:06]} Nd6 {[%clk 0:12:24]} 46. Nd2 {[%clk 0:04:20]} Nec8
{[%clk 0:08:56]} 47. exd5 {[%clk 0:03:51]} exd5 {[%clk 0:09:12]} 48. Bc2
{[%clk 0:03:38]} Nb5 {[%clk 0:08:45]} 49. Nb1 {[%clk 0:03:54]} Ke7
{[%clk 0:08:52]} 50. f5 {[%clk 0:04:02]} gxf5 {[%clk 0:08:54]} 51. Kf4
{[%clk 0:04:01]} Ncd6 {[%clk 0:06:05]} 52. Bxf5 {[%clk 0:04:25]} Nxf5
{[%clk 0:06:13]} 53. Kxf5 {[%clk 0:04:53]} Nc7 {[%clk 0:05:09]} 54. Ke5
{[%clk 0:05:08]} Kd7 {[%clk 0:04:42]} 55. Na3 {[%clk 0:05:14]} Ke7
{[%clk 0:04:32]} 56. Nc2 {[%clk 0:04:37]} Nb5 {[%clk 0:04:09]} 57. Kxd5
{[%clk 0:05:00]} Nxc3+ {[%clk 0:04:11]} 58. Ke5 {[%clk 0:04:50]} Nb5
{[%clk 0:03:20]} 59. d5 {[%clk 0:04:57]} Nd6 {[%clk 0:03:24]} 60. Nd4
{[%clk 0:05:03]} Kd7 {[%clk 0:02:25]} 61. Nc2 {[%clk 0:04:49]} c3
{[%clk 0:02:13]} 62. Kd4 {[%clk 0:05:03]} Nb5+ {[%clk 0:01:48]} 63. Kc4
{[%clk 0:04:25]} Nc7 {[%clk 0:02:00]} 64. Kc5 {[%clk 0:04:50]} Na6+
{[%clk 0:01:58]} 65. Kc4 {[%clk 0:03:46]} Kd6 {[%clk 0:01:57]} 66. Nd4
{[%clk 0:03:44]} Nc7 {[%clk 0:01:49]} 67. Kxc3 {[%clk 0:03:06]} Ke5 1/2-1/2